Name a Pokémon of Every Type Combo - Gen III (Limited) - Statistics

General Stats
  • This quiz has been taken 22 times
  • The average score is 39 of 45
Answer Stats
Hint Type Combo # of Pokémon Answer % Correct
Single-type Pokémon Ice 4 Castform (Snowy Form) | Snorunt | Glalie | Regice
100%
Single-type Pokémon Electric 4 Electrike | Manectric | Plusle | Minun
100%
Single-type Pokémon Steel 2 Mawile | Registeel
100%
Single-type Pokémon Water 12 Mudkip | Wailmer | Wailord | Corphish | Feebas | Milotic | Castform (Rainy Form) | Clamperl | Huntail | Gorebyss | Luvdisc | Kyogre
100%
Single-type Pokémon Rock 2 Nosepass | Regirock
100%
Single-type Pokémon Dark 3 Poochyena | Mightyena | Absol
100%
Single-type Pokémon Fire 3 Torchic | Torkoal | Castform (Sunny Form)
100%
Single-type Pokémon Ground 2 Trapinch | Groudon
100%
Single-type Pokémon Bug 5 Wurmple | Silcoon | Cascoon | Volbeat | Illumise
100%
Single-type Pokémon Normal 15 Zigzagoon | Linoone | Slakoth | Vigoroth | Slaking | Whismur | Loudred | Exploud | Azurill | Skitty | Delcatty | Spinda | Zangoose | Castform | Kecleon
100%
Single-type Pokémon Dragon 2 Bagon | Shelgon
94%
Dual-type Pokémon Bug/Flying 3 Beautifly | Masquerain | Ninjask
94%
Dual-type Pokémon Fire/Fighting 2 Combusken | Blaziken
94%
Single-type Pokémon Poison 3 Gulpin | Swalot | Seviper
94%
Dual-type Pokémon Dragon/Psychic 2 Latias | Latios
94%
Dual-type Pokémon Water/Grass 3 Lotad | Lombre | Ludicolo
94%
Single-type Pokémon Psychic 8 Ralts | Kirlia | Gardevoir | Spoink | Grumpig | Chimecho | Wynaut | Deoxys
94%
Dual-type Pokémon Bug/Ghost 1 Shedinja
94%
Single-type Pokémon Ghost 4 Shuppet | Banette | Duskull | Dusclops
94%
Single-type Pokémon Grass 6 Treecko | Grovyle | Sceptile | Seedot | Shroomish | Cacnea
94%
Dual-type Pokémon Dragon/Flying 3 Altaria | Salamence | Rayquaza
88%
Dual-type Pokémon Steel/Rock 3 Aron | Lairon | Aggron
88%
Dual-type Pokémon Grass/Fighting 1 Breloom
88%
Dual-type Pokémon Fighting/Psychic 2 Meditite | Medicham
88%
Dual-type Pokémon Fire/Ground 2 Numel | Camerupt
88%
Dual-type Pokémon Grass/Dark 3 Nuzleaf | Shiftry | Cacturne
88%
Dual-type Pokémon Steel/Psychic 4 Beldum | Metang | Metagross | Jirachi
81%
Dual-type Pokémon Water/Dark 3 Carvanha | Sharpedo | Crawdaunt
81%
Dual-type Pokémon Bug/Poison 1 Dustox
81%
Single-type Pokémon Fighting 2 Makuhita | Hariyama
81%
Dual-type Pokémon Water/Ground 4 Marshtomp | Swampert | Barboach | Whiscash
81%
Dual-type Pokémon Water/Rock 1 Relicanth
81%
Dual-type Pokémon Dark/Ghost 1 Sableye
81%
Dual-type Pokémon Ice/Water 3 Spheal | Sealeo | Walrein
81%
Dual-type Pokémon Ground/Dragon 2 Vibrava | Flygon
81%
Dual-type Pokémon Water/Flying 2 Wingull | Pelipper
81%
Dual-type Pokémon Rock/Bug 2 Anorith | Armaldo
75%
Dual-type Pokémon Ground/Psychic 2 Baltoy | Claydol
75%
Dual-type Pokémon Rock/Psychic 2 Lunatone | Solrock
75%
Dual-type Pokémon Bug/Ground 1 Nincada
75%
Dual-type Pokémon Grass/Poison 1 Roselia
75%
Dual-type Pokémon Bug/Water 1 Surskit
75%
Dual-type Pokémon Normal/Flying 3 Taillow | Swellow | Swablu
75%
Dual-type Pokémon Grass/Flying 1 Tropius
75%
Dual-type Pokémon Rock/Grass 2 Lileep | Cradily
69%
No matching quizzes found
Score Distribution
Percent of People with Each Score
Percentile by Number Answered
Your Score History
You have not taken this quiz